| 000 | 00754nam a22002297a 4500 | ||
|---|---|---|---|
| 003 | 0 | ||
| 005 | 20241226102408.0 | ||
| 008 | 241226b xxu||||| |||| 00| 0 eng d | ||
| 020 | _a978-19-167844-6-4 | ||
| 050 |
_aBF 121 _b.J64 2024 |
||
| 100 | _aJohnson, Harry | ||
| 245 |
_aPsychological disorders and the therapies DSM5 perspective _cHarry Johnson |
||
| 250 | _aFirst Edition | ||
| 260 |
_aLondon, United Kingdom _bVintage Press, Ltd. _c2024 |
||
| 300 |
_ax, 260 pages ; _c24cm. |
||
| 504 | _aIncludes bibliographical references and index. | ||
| 650 | _aPsychology. | ||
| 650 | _aPsychology disorder. | ||
| 650 | _aPsychology--therapy. | ||
| 650 | _aDiagnostic and statistical manual of mental disorders.—5th ed. | ||
| 942 |
_2lcc _cBK |
||
| 999 |
_c366828 _d366828 |
||